Tilastot visalle Turun kaupunginosat

Klikkaa tästä pelataksesi tätä visaa!

Yleistilastot

  • Tätä visaa on pelattu 207 kertaa
  • Keskiarvotulos 29 / 87

Vastaustilastot

Vastaus% Oikein
5V/Itäranta/5
92%
1I/1
86%
4IV/Martti/4
81%
47Varissuo
80%
17Kupittaa
77%
8VIII/Port Arthur/Portsa/8
76%
2II/2
70%
3III/3
70%
6VI/6
69%
7VII/7
66%
60Runosmäki
64%
75Pansio
62%
13Ruissalo
61%
9IX/Länsiranta/9
60%
12Satama
60%
56Nummi
56%
40Ilpoinen
54%
41Ispoinen
53%
54Halinen
52%
34Kakskerta
52%
50Lauste
52%
74Perno
52%
59Itäharju
49%
43Skanssi
49%
42Uittamo
47%
14Vähäheikkilä
45%
10Iso-Heikkilä
44%
48Pääskyvuori
42%
46Harittu
41%
81Jäkärlä
40%
45Katariina
40%
78Moisio
40%
64Raunistula
40%
63Kärsämäki
39%
53Räntämäki
39%
72Artukainen
38%
57Kohmo
35%
35Vasaramäki
35%
36Luolavuori
34%
76Paattinen
33%
49Vaala
31%
44Koivula
29%
79Lentokenttä
29%
58Kurala
27%
52Oriketo
27%
39Peltola
27%
69Vätti
27%
77Yli-Maaria
27%
62Kastu
25%
65Mälikkälä
25%
66Teräsrautela
24%
68Pitkämäki
23%
71Pohjola
23%
55Koroinen
20%
25Moikoinen
20%
83Urusvuori
20%
32Satava
19%
30Haarla
17%
61Kaerla
17%
73Pahaniemi
17%
84Saramäki
17%
70Kähäri
16%
15Mäntymäki
15%
86Metsämäki
15%
11Korppoolaismäki
13%
31Papinsaari
12%
18Pikisaari
11%
29Friskala
10%
16Kurjenmäki
10%
87Haaga
9%
26Kukola
9%
67Ruohonpää
9%
27Toijainen
9%
51Huhkola
8%
33Vepsä
8%
19Lauttaranta
7%
20Maanpää
6%
82Paimala
6%
38Pihlajaniemi
6%
37Puistomäki
6%
23Illoinen
5%
28Kaistarniemi
4%
21Jänessaari
3%
80Koskennurmi
3%
24Oriniemi
3%
22Särkilahti
3%
85Tasto
3%

Tulosjakauma

Persentiili vastausten määrän mukaan

Jokaisen tuloksen saaneiden osuus

Tuloshistoriasi

Et ole pelannut tätä visaa